000 00749nam a2200217Ia 4500
003 OSt
005 20250128113735.0
008 210210b1996 xxu||||| |||| 00| 0 eng d
040 _cAL
041 _aKannada
082 _aK894.3 YANI
100 _aYANDAMURI VIRENDRANATH.
_dಯಂಡಮೂರಿ ವೀರೇಂದ್ರನಾಥ್
_9195800
245 _aIppattaidu shreshthakathegalu
_bಇಪ್ಪತ್ತೈದು ಶ್ರೇಷ್ಠಕಥೆಗಳು
260 _aBengaluru
_bHamsadhvani Prakashana
_c1996
300 _a240
650 _aVamshi and others
_9195801
690 _aKannada Fiction
_9195802
700 _aVamshi and others.
_dವಂಶಿ ಮತ್ತು ಇತರರು Tr
_9195803
906 _a053587
942 _2ddc
_cBK
999 _c101436
_d101436